| 000 | 00938cam a2200277 a 4500 | ||
|---|---|---|---|
| 001 | 13052866 | ||
| 003 | ARRUPE | ||
| 005 | 20130924162443.0 | ||
| 008 | 030109s2002 mnu b 001 0 eng d | ||
| 010 | _a 2003268141 | ||
| 020 | _a0814651070 | ||
| 035 | _a(OCoLC)ocm49726197 | ||
| 040 |
_aEMT _cEMT _dBXM _dDLC |
||
| 042 | _alccopycat | ||
| 050 | 0 | 0 |
_aBV4598.2 _b.R69 2002 |
| 100 | 1 |
_aRoy, Louis, _d1942- _91037 |
|
| 245 | 1 | 0 |
_aSelf-actualization and the radical gospel / _cLouis Roy. |
| 260 |
_aCollegeville, Minn. : _bLiturgical Press, _cc2002. |
||
| 300 |
_aviii, 72 p. ; _c23 cm. |
||
| 500 | _a"A Michael Glazier book". | ||
| 504 | _aIncludes bibliographical references and index. | ||
| 650 | 0 |
_aSelf-actualization (Psychology) _xReligious aspects _xChristianity. _91038 |
|
| 906 |
_a7 _bcbc _ccopycat _d2 _encip _f20 _gy-gencatlg |
||
| 942 |
_2lcc _cMONOGRAPH |
||
| 999 |
_c117987 _d117987 |
||